Bevölkerungsreichste Städte um Kaiserslautern - Statistiken

Allgemein
  • Dieses Quiz wurde 96 mal gespielt
  • Das Durchschnittsergebnis liegt bei 5 aus 10
Antwortstatistiken
Einwohner (2021) Ort/Stadt % Korrekt
40.054 Pirmasens
81%
53.491 Neustadt an der Weinstraße
67%
34.091 Zweibrücken
64%
46.919 Landau in der Pfalz
58%
18.576 Bad Dürkheim
47%
8.356 Landstuhl
47%
8.057 Ramstein-Miesenbach
40%
13.840 Grünstadt
32%
9.313 Eisenberg (Pfalz)
26%
7.893 Kirchheimbolanden
19%
Keine übereinstimmenden Quizze gefunden
Verteilung der Resultate
Anzahl Personen mit jedem Resultat
Perzentil nach korrekt beantworteten Fragen
Ihre Resultats-Entwicklung
Sie haben dieses Quiz noch nicht gespielt